| 000 | 00829nam a2200133Ia 4500 | ||
|---|---|---|---|
| 008 | 220615s9999||||xx |||||||||||||| ||und|| | ||
| 020 | _a9783040000000 | ||
| 245 | 0 | _aRecent Advances in Post-Lithium Ion Batteries | |
| 546 | _aEnglish[eng] | ||
| 650 | _ametal-air||zinc-air||modeling||simulation||computational chemistry||sodium-ion battery||cathode||solution combustion synthesis||capacity retention||Na0.44MnO2||garnet||solid electrolyte||lithium metal||interface||charge-transfer resistance||polymer electrolyte||single-ion conducting||ionic conductivity||Raman spectroscopy||lithium glycerolate||lithium single-ion conductor||EIS||Fourier-Transform Infrared Spectroscopy||cycling||catalyst||carbon nanotubes||Li-O2 battery | ||
| 700 | _aQuartarone, Eliana | ||
| 856 | _uhttps://mdpi.com/books/pdfview/book/3984 | ||
| 942 | _cEB | ||
| 999 |
_c12257 _d12257 |
||